Statystyki dla RODZAJE ZAPIĘĆ W UBRANIACH:

Kliknij tutaj aby rozwiązać quiz!

Ogólne statystyki

  • Ten quiz został rozwiązany 42 razy
  • Średni wynik to 3 z 6

Statystyki odpowiedzi

Odpowiedź% Poprawnych
GUZIK
100%
RZEP
66%
ZAMEK BŁYSKAWICZNY
63%
ZATRZASK
31%
WIĄZANIE
9%
KLAMRA
6%

Rozkład punktacji

Percentyl według liczby udzielonych odpowiedzi

Procent ludzi z każdym wynikiem

Twoja historia wyników

Nie rozwiązałeś tego quizu